Análisis del contexto socio-económico, institucional y ambiental del entorno y la formulación y divulgación de un plan de acción para contrarestar los efectos asociados al cambio climático en el departamento de La Guajira / (Registro nro. 19212)
[ vista simple ]
| 000 -CABECERA | |
|---|---|
| Campo de control | 01049nam a2200217 a 4500 |
| 005 - FECHA Y HORA DE LA ULTIMA TRANSACCION | |
| Campo de control | 20161229144310.0 |
| 008 - ELEMENTOS DE LONGITUD FIJA—INFORMACION GENERAL | |
| Campo de control | 161229s2013 ck ad|||r|||| 00| 0 spa d |
| 040 ## - FUENTE DE CATALOGACIÓN | |
| Agencia catalogadora original | CO-BoIAVH |
| Agencia transcriptora | CO-BoIAVH |
| 041 0# - IDIOMA | |
| Código de idioma para texto/pista de sonido o título separado | Español |
| 044 ## - PAÍS DE PUBLICACIÓN | |
| País de publicación | Colombia |
| 082 04 - NUMERO DE CLASIFICACION DECIMAL DEWEY | |
| Número de clasificación | 304.25 |
| Número del ítem | A61c |
| 245 00 - MENCION DE TITULO | |
| Título | Análisis del contexto socio-económico, institucional y ambiental del entorno y la formulación y divulgación de un plan de acción para contrarestar los efectos asociados al cambio climático en el departamento de La Guajira / |
| Mención de responsabilidad | Corpoguajira |
| 260 ## - PUBLICACION, DISTRIBUCION, ETC. (PIE DE IMPRENTA) | |
| Lugar de publicación, distribución, etc. | Rioacha? (Colombia) : |
| Nombre del editor, distribuidor, etc. | Corpoguajira, |
| Fecha de publicación, distribución, etc. | 2013. |
| 300 ## - DESCRIPCION FISICA | |
| Extensión | 47 páginas : |
| Otros detalles físicos | ilustraciones a color y gráficas ; |
| Dimensiones | 14 x 21 cm. |
| 650 26 - ASIENTO SECUNDARIO DE MATERIA - TERMINO TEMATICO | |
| Término temático o nombre geográfico como elemento de entrada | Cambio climático |
| Subdivisión geográfica | Guajira (Departamento, Colombia) |
| 9 (RLIN) | 78171 |
| 650 26 - ASIENTO SECUNDARIO DE MATERIA - TERMINO TEMATICO | |
| Término temático o nombre geográfico como elemento de entrada | Prevención de polución |
| Subdivisión geográfica | Guajira (Departamento, Colombia) |
| 9 (RLIN) | 78172 |
| 650 26 - ASIENTO SECUNDARIO DE MATERIA - TERMINO TEMATICO | |
| Término temático o nombre geográfico como elemento de entrada | Mitigación del cambio climático |
| Subdivisión geográfica | Guajira (Departamento, Colombia) |
| 9 (RLIN) | 78173 |
| 650 26 - ASIENTO SECUNDARIO DE MATERIA - TERMINO TEMATICO | |
| Término temático o nombre geográfico como elemento de entrada | Adaptación al cambio climático |
| Subdivisión geográfica | Guajira (Departamento, Colombia) |
| 9 (RLIN) | 78174 |
| 710 2# - ASIENTO SECUNDARIO - NOMBRE CORPORATIVO | |
| Nombre corporativo o de jurisdicción como elemento de entrada | Corpoguajira |
| 9 (RLIN) | 24589 |
| 942 ## - ELEMENTOS ADICIONALES (KOHA) | |
| Sistema de clasificación | Dewey Decimal Classification |
| Tipo de ítem | Libro |
| Withdrawn status | Lost status | Sistema de Clasificación | Damaged status | No para préstamo | Colección | Inventariado | Ubicación Permanente | Ubicación actual | Fecha de adquisición | Fuente de Valor | Valor | Total Checkouts | Número topográfico | Inventario / Código de Barras | Date last seen | Ejemplar | Price effective from | Forma de adquisición | Tipo de material |
|---|---|---|---|---|---|---|---|---|---|---|---|---|---|---|---|---|---|---|---|
| Dewey Decimal Classification | General | Inventariado 2017 | Bogotá | Bogotá | 29/12/2016 | Instituto | 39000.00 | LB-304.25 A61c | 038831 | 29/12/2016 | Ej. 1 | 29/12/2016 | Donación | Libro |